000 01563cam a22001934a 4500
005 20250605164023.0
008 250528s ||||||||||||||||||||||||d
035 _a16408
040 _aGR-AtMCL
_bgre
_dGR-AtMCL
_eAACR2
245 1 _aΤο Γεωμετρικό Τεχνικό Σχέδιο
250 _a
260 _bΑθήνα,
_c1979
300 _a592
520 _aΕισαγωγή, Βασικά Όργανα Σχεδιαστηρίου: Πρακτική Εφαρμογή στο Τεχνικό Γραφείο, Λειτουργική Οργάνωση στο Τεχνικό Γραφείο, Μέθοδοι Αναπαραγωγής, Το Σχέδιο και τα Μέρη του, Καλλιγραφία, Ελέυθερο Γραμμικό Σχέδιο, Σχέδιο Επίπεδης Γεωμετρίας, Πρακτική Εφαρμογή Γεωμετρικού Σχεδίου, Παραστατική Γεωμετρία, Συμβολισμοί, Υπάρξη και Άλλων Γεωμετριών, Τοπολογία, Ανάπτυγμα, Αξονομετρία, Προοπτική, Σχέδιο Κλασσικής Αρχιτεκτονικής, Σκιαγραφία, Χαρτογραφία, Γραφοστατική, Οικοδομικό Σχέδιο, Στερεώσεις, Συγκολλήσεις, Πρακτική Εφαρμογή Μηχανολογικού Σχεδίου, Μετάδοση Ισχύος και Κίνησης, Βιβλιογραφία.
700 1 _aΣωτηρόπουλος Δ
_92501
942 _cBK
999 _c1909
_d1909